[Event "Visma IMA 2013"]
[Site "Vaxjo SWE"]
[Date "2013.06.28"]
[Round "4.3"]
[White "Rydstrom,Tom"]
[Black "Carstensen,J"]
[Result "0-1"]
[WhiteElo "2160"]
[BlackElo "2377"]

1.e4 e6 2.d4 d5 3.Nc3 Nf6 4.e5 Nfd7 5.f4 c5 6.Nf3 Nc6 7.Be3 a6 8.Qd2 b5 9.Be2 Qb6
10.Nd1 b4 11.c3 g6 12.O-O a5 13.Nf2 h5 14.Nd3 c4 15.Nf2 a4 16.Bxc4 bxc3 17.bxc3 Na5
18.Bd3 Ba6 19.Qe2 Bxd3 20.Nxd3 Qc7 21.Bd2 Nc4 22.Nb4 a3 23.Ne1 Rc8 24.Ned3 Be7
25.Rfc1 Ndb6 26.Rab1 Na4 27.Be1 Qa7 28.Kh1 Rc7 29.Rc2 Kd7 30.Rbc1 Rhc8 31.h4 Rb8
32.Qf3 Qa5 33.Kh2 Qb5 34.Qe2 Ncb2 35.Qf3 Rbc8 36.Kh3 Rc4 37.Kh2 Qb7 38.Kh3 R8c7
39.Qe2 Qc8 40.Qd2 Ke8 41.Kh2 Qd8 42.g3 Rc8 43.Kh3 Qa5 44.Kh2 Qb5 45.Kh3 Kd7
46.Kh2 R4c7 47.Kh3 Qc4 48.Kh2 Qb5 49.Kh3 Rb7 50.Kh2 Rcb8 51.Kh3 Qc4 52.Kh2 Nxd3
53.Nxd3 Nb2 54.Nxb2 axb2 55.Rb1 Qxa2 56.Qd1 Ra8 57.Rd2 Qxb1 58.Qxb1 Ra1 59.Rd1 Rxb1
60.Rxb1 Ba3 61.Kg2 Kc6 62.Kf2 Kb5 63.Ke2 Kc4 64.Kd2 Kb3 65.Kd3 Rc7 66.Rd1 Bb4  0-1

[Event "12th ROC Nova Open"]
[Site "Haarlem NED"]
[Date "2013.06.30"]
[Round "6.2"]
[White "Pijpers,A"]
[Black "Sadler,M"]
[Result "0-1"]
[WhiteElo "2338"]
[BlackElo "2646"]

1.e4 e6 2.d4 d5 3.Nc3 Nf6 4.e5 Nfd7 5.f4 c5 6.Nf3 Nc6 7.Be3 cxd4 8.Nxd4 Bc5
9.Qd2 O-O 10.O-O-O a6 11.Qf2 Nxd4 12.Bxd4 b6 13.h4 Bb7 14.h5 Rc8 15.h6 g6
16.Rh3 b5 17.Bxc5 Nxc5 18.Qd4 f5 19.exf6 Qxf6 20.Qxf6 Rxf6 21.g3 b4 22.Ne2 Ne4
23.Rh2 a5 24.Bh3 Kf7 25.Nd4 Nxg3 26.Nf3 Ne4 27.Ng5+ Ke7 28.Re1 Re8 29.Bg2 Rxf4
30.Bxe4 dxe4 31.Nxh7 Rh8 32.Ng5 Rg4 33.Nh3 Rh4  0-1

[Event "HSC/De Legibus Open 2013"]
[Site "Helmond NED"]
[Date "2013.06.30"]
[Round "9.1"]
[White "Guliyev,N"]
[Black "Fridman,D"]
[Result "0-1"]
[WhiteElo "2561"]
[BlackElo "2629"]

1.e4 e6 2.d4 d5 3.Nc3 Nf6 4.e5 Nfd7 5.f4 c5 6.Nf3 Nc6 7.Be3 Qb6 8.Na4 Qa5+
9.c3 b6 10.a3 c4 11.b4 cxb3 12.Qxb3 Ba6 13.Nb2 Rc8 14.a4 Ncxe5 15.fxe5 Rxc3
16.Bd2 Rxb3 17.Bxa5 Bxf1 18.Rxf1 bxa5 19.Nd1 Nb6 20.Rf2 Bb4+ 21.Kf1 Ke7 22.Rc2 Nc4
23.Ke2 Rg8 24.Raa2 f6 25.Nb2 Rxb2 26.Raxb2 Nxb2 27.Rxb2 Rc8 28.g4 h6 29.h4 Rc4
30.Rb3 Rc2+ 31.Kf1 Rc3 32.Rxc3 Bxc3 33.Ke2 Kf7 34.Kd3 Bb2 35.h5 Bc1 36.Nh4 fxe5
37.dxe5 Bb2 38.Ng6 Ke8 39.Ke3 Kd7 40.Kd3 Kc6 41.Nf4 Kd7 42.Ng6 Kc6 43.Nf4 Bxe5
44.Nxe6 Kd6 45.Nd8 Bf6 46.Nb7+ Kc6 47.Nxa5+ Kc5 48.Kc2 a6 49.Nb7+ Kb4 50.Nd6 a5
51.Nf5 Kxa4 52.Ne3 d4 53.Nd5 Kb5 54.Kd3 a4 55.g5 Bxg5 56.Kxd4 Bf6+ 57.Kd3 a3  0-1

[Event "4th AIMAG Men"]
[Site "Incheon KOR"]
[Date "2013.07.01"]
[Round "3.13"]
[White "Nanjo,R"]
[Black "Murshed,N"]
[Result "1/2-1/2"]
[WhiteElo "2299"]
[BlackElo "2479"]

1.e4 e6 2.d4 d5 3.Nc3 Nf6 4.e5 Nfd7 5.f4 c5 6.Nf3 Nc6 7.Be3 Be7 8.Qd2 O-O
9.Be2 a6 10.O-O b5 11.a3 Bb7 12.Rae1 Rc8 13.Nd1 Qc7 14.c3 cxd4 15.Nxd4 Nc5
16.Bd3 Nxd4 17.Bxd4 f5 18.exf6 Bxf6 19.Nf2 Nb3 20.Bxh7+ Kxh7 21.Qc2+ Kg8
22.Qxb3 Bxd4 23.cxd4 Qxf4 24.Qd1 Rc4 25.Ne4 dxe4 26.Rxf4 Rxf4 27.Rf1 Rxf1+
28.Kxf1 Bd5 29.Ke2 b4 30.a4 Rc8 31.Ke3 b3 32.Qh5 Rc2 33.g4 Rxb2 34.g5 Rg2
35.Qe8+ Kh7 36.Qh5+ Kg8 37.Qe8+ Kh7 38.Qh5+ Kg8  1/2-1/2

[Event "Karvina Open 2013"]
[Site "Karvina CZE"]
[Date "2013.07.02"]
[Round "4.24"]
[White "Kusak,Lubomir"]
[Black "Hurta,Jiri"]
[Result "0-1"]
[WhiteElo "1686"]
[BlackElo "1883"]

1.e4 e6 2.d4 d5 3.Nc3 Nf6 4.e5 Nfd7 5.Nf3 c5 6.Bg5 Qb6 7.Be3 Nc6 8.Bb5 a6
9.Bxc6 bxc6 10.Na4 Qb5 11.b3 cxd4 12.Nxd4 Qa5+ 13.Bd2 Qc7 14.f4 c5 15.Nf3 Be7
16.O-O Bb7 17.Qe1 Qc6 18.Qg3 g6 19.Rad1 h6 20.Qe1 O-O-O 21.Ba5 Rdg8 22.Nb2 g5
23.fxg5 hxg5 24.g4 d4 25.Qg3 Rh4 26.Nc4 Qe4 27.Ncd2 Qxg4 28.Nxh4 gxh4 29.Qxg4 Rxg4+
30.Kf2 Rg2+ 31.Ke1 Nxe5 32.Rf2 h3 33.Rxg2 hxg2 34.Ke2 Bg5 35.Kf2 Be3+ 36.Ke2 f5
37.Nc4 Bf3+  0-1

[Event "41st TCh-GRE"]
[Site "Rio (Achaia) GRE"]
[Date "2013.07.02"]
[Round "1.9"]
[White "Ladopoulos,D"]
[Black "Karzias,Christos"]
[Result "1-0"]
[WhiteElo "2082"]
[BlackElo "1655"]

1.e4 e6 2.d4 d5 3.Nc3 Nf6 4.e5 Nfd7 5.f4 c5 6.Nf3 Nc6 7.Be3 a6 8.Qd2 cxd4
9.Nxd4 Bc5 10.Nb3 Be7 11.Bd3 f6 12.exf6 Nxf6 13.O-O-O b5 14.Nd4 Nxd4 15.Bxd4 b4
16.Ne2 O-O 17.Ng1 a5 18.Nf3 a4 19.Rhe1 Qd6 20.Kb1 Re8 21.Ne5 Ba6 22.g4 Bxd3
23.cxd3 Rac8 24.Qe2 b3 25.g5 Rc2 26.gxf6 Rec8 27.Qh5 Bxf6 28.Qf7+ Kh8 29.Qxf6 gxf6
30.Nf7+  1-0

[Event "41st TCh-GRE"]
[Site "Rio (Achaia) GRE"]
[Date "2013.07.02"]
[Round "1.9"]
[White "Ballas,A"]
[Black "Halioris,Stefanos-Anthimos"]
[Result "1-0"]
[WhiteElo "1801"]
[BlackElo "1614"]

1.e4 e6 2.d4 d5 3.Nc3 Nf6 4.e5 Nfd7 5.f4 c5 6.Nf3 Nc6 7.Be3 cxd4 8.Nxd4 Be7
9.Qd2 O-O 10.O-O-O Nxd4 11.Bxd4 b6 12.g4 Bb7 13.g5 Nc5 14.h4 Qd7 15.h5 Kh8
16.f5 Ne4 17.Nxe4 dxe4 18.Qe3 Kg8 19.f6 Bb4 20.a3 Qa4 21.axb4 Qxb4 22.Qa3 a5
23.Qxb4 axb4 24.b3 Ra2 25.Kb1 Rfa8 26.Bg2 Bd5 27.Bb2 R2a5 28.Rhe1  1-0

[Event "41st TCh-GRE"]
[Site "Rio (Achaia) GRE"]
[Date "2013.07.03"]
[Round "2.9"]
[White "Grigoriadis,M"]
[Black "Karzias,Christos"]
[Result "1-0"]
[WhiteElo "1914"]
[BlackElo "1655"]

1.e4 e6 2.d4 d5 3.Nc3 Nf6 4.e5 Nfd7 5.f4 c5 6.Nf3 Nc6 7.Be3 a6 8.Qd2 cxd4
9.Nxd4 Bc5 10.O-O-O O-O 11.h4 Nxd4 12.Bxd4 b5 13.Bxc5 Nxc5 14.Qd4 Qb6 15.f5 b4
16.f6 bxc3 17.b4 Nd7 18.Qf4 gxf6 19.exf6 Rd8 20.Qh6 Nxf6 21.Qxf6 Rd7 22.Qxc3 d4
23.Qg3+ Kf8 24.Bd3 Qxb4 25.Bxh7 Rb8 26.Bd3 Rdb7 27.Rdf1 Qc3 28.Kd1 Rb2 29.h5 e5
30.h6 Rb1+ 31.Ke2 Rxf1 32.Rxf1 Be6 33.h7 Ke7 34.Qxe5 Rb2 35.h8=Q  1-0

[Event "36th Barbera Open"]
[Site "Barbera del Valles ESP"]
[Date "2013.07.05"]
[Round "2.5"]
[White "Perpinya Rofes,L"]
[Black "Narciso Dublan,M"]
[Result "0-1"]
[WhiteElo "2400"]
[BlackElo "2536"]

1.e4 e6 2.d4 d5 3.Nc3 Nf6 4.e5 Nfd7 5.f4 c5 6.Nf3 Nc6 7.Be3 cxd4 8.Nxd4 Bc5
9.Qd2 O-O 10.O-O-O a6 11.Qf2 Nxd4 12.Bxd4 b6 13.Bd3 f6 14.exf6 Qxf6 15.Bxc5 bxc5
16.Rhf1 Bb7 17.Qf3 Qh6 18.Rde1 Rae8 19.Kb1 g6 20.g4 Qg7 21.f5 c4 22.Be2 Ne5
23.Qg3 gxf5 24.gxf5 Qxg3 25.hxg3 exf5 26.Bh5 Re7 27.Ne2 Ng6 28.Nd4 Re4 29.c3 Ne5
30.Kc2 Nd3 31.Re2 f4 32.Rxe4 dxe4 33.Ne6 Rf5 34.Bg4 Rb5 35.b3 f3 36.Nd4 Ra5
37.Be6+ Kh8 38.a4 cxb3+ 39.Bxb3  0-1

[Event "ch-BEL Open 2013"]
[Site "Antwerp BEL"]
[Date "2013.07.06"]
[Round "1.6"]
[White "Ismail,Tamer"]
[Black "Sadkowsky,D"]
[Result "0-1"]
[WhiteElo "1805"]
[BlackElo "2230"]

1.e4 e6 2.d4 d5 3.Nc3 Nf6 4.e5 Nfd7 5.f4 c5 6.Nf3 Nc6 7.Be3 Be7 8.Qd2 O-O
9.Be2 b6 10.O-O Bb7 11.Rad1 Rc8 12.Qe1 f5 13.a3 Ndb8 14.Qf2 cxd4 15.Nxd4 Nxd4
16.Bxd4 Nc6 17.Kh1 Nxd4 18.Qxd4 a6 19.Bf3 b5 20.Qd3 Qb6 21.Ne2 a5 22.Nd4 b4
23.axb4 axb4 24.c3 Ba6 25.Qd2 Bxf1 26.Rxf1 Kh8 27.g4 g6 28.gxf5 gxf5 29.Rg1 Bc5
30.Bh5 Bxd4 31.cxd4 Rg8 32.Rd1 b3 33.Bf3 Rc2 34.Qe1 Rxb2 35.Qh4 Qd8 36.Qh6 Qe7
37.Qh3 Rc2  0-1

[Event "IsBank TCh-TUR 2013"]
[Site "Denizli TUR"]
[Date "2013.07.06"]
[Round "9.5"]
[White "Erturan,Y"]
[Black "Buker,M"]
[Result "1-0"]
[WhiteElo "2374"]
[BlackElo "2072"]

1.e4 e6 2.d4 d5 3.Nc3 Nf6 4.e5 Nfd7 5.f4 c5 6.Nf3 Nc6 7.Be3 a6 8.Qd2 cxd4
9.Nxd4 Bc5 10.O-O-O Qc7 11.h4 b5 12.Nxc6 Qxc6 13.h5 Bb7 14.Bxc5 Nxc5 15.Bd3 O-O-O
16.Rhe1 g6 17.g4 Kb8 18.Qf2 b4 19.Ne2 Ne4 20.Bxe4 dxe4 21.Nd4 Qc4 22.Nb3 Qc7
23.Nc5 Rxd1+ 24.Rxd1 Rd8 25.Rxd8+ Qxd8 26.Qd2 Qa5 27.Qd6+ Ka7 28.Nd7 Qd8
29.Qd4+  1-0

[Event "EY Boys Teams 2013"]
[Site "Maribor SLO"]
[Date "2013.07.06"]
[Round "1"]
[White "Kriebel,T"]
[Black "Horvath,Dav"]
[Result "1-0"]
[WhiteElo "2349"]
[BlackElo "2371"]

1.e4 e6 2.d4 d5 3.Nc3 Nf6 4.e5 Nfd7 5.f4 c5 6.Nf3 Nc6 7.Be3 Be7 8.dxc5 Bxc5
9.Qd2 a6 10.O-O-O Qc7 11.Kb1 b5 12.f5 Bxe3 13.Qxe3 Ndxe5 14.fxe6 Bxe6 15.Nxd5 O-O-O
16.c4 bxc4 17.Nxc7 Rxd1+ 18.Kc2 Rhd8 19.Nxa6 Bf5+ 20.Kc3 Ng4 21.Qf4 R1d3+
22.Bxd3 Rxd3+ 23.Kxc4 Ne3+ 24.Kc5 Rd5+ 25.Kb6  1-0

[Event "41st TCh-GRE"]
[Site "Rio (Achaia) GRE"]
[Date "2013.07.06"]
[Round "6.1"]
[White "Svetushkin,D"]
[Black "Antic,De"]
[Result "1/2-1/2"]
[WhiteElo "2603"]
[BlackElo "2470"]

1.e4 e6 2.d4 d5 3.Nc3 Nf6 4.e5 Nfd7 5.f4 c5 6.Nf3 Be7 7.Be3 b6 8.Bd3 Ba6
9.O-O Bxd3 10.cxd3 O-O 11.Rc1 Nc6 12.Na4 cxd4 13.Nxd4 Nxd4 14.Bxd4 Rc8 15.Nc3 Nb8
16.Bf2 Qd7 17.a3 Rc7 18.Qf3 Rfc8 19.f5 d4 20.fxe6 fxe6 21.Ne2 Rxc1 22.Rxc1 Rxc1+
23.Nxc1 Nc6 24.Qe4 Qd5 25.Qxd5 exd5 26.b4 Kf7 27.Kf1 Nxe5 28.Bxd4 Bf6 29.Bg1 Nc6
30.b5 Nd4 31.Bxd4 Bxd4 32.Nb3 Be5 33.h3 Ke6 34.Ke2 Bb2 35.a4 Ke5 36.Kf3 Bc3
37.g4 Bb2 38.Ke3 Bc3 39.Nc1 Bd4+ 40.Kf3 Kd6 41.Nb3 Ke5 42.h4 Bc3 43.Ke3 Bb4
44.d4+ Ke6 45.Nc1 Be7 46.g5 Kf5 47.Kf3 h6 48.gxh6 gxh6 49.h5 Bb4 50.Nd3 Bd6
51.Nf2 Bf8 52.Ng4 Bg7 53.Ne3+ Ke6 54.Nc2 Bf6 55.Kg4 Bg7 56.Kf4 Bf6 57.Kg4 Bg7
58.Kf4 Bf6  1/2-1/2

[Event "Polugaevsky Mem 2013"]
[Site "Samara RUS"]
[Date "2013.07.06"]
[Round "5.3"]
[White "Frolyanov,D"]
[Black "Fedoseev,Vl3"]
[Result "0-1"]
[WhiteElo "2570"]
[BlackElo "2515"]

1.e4 e6 2.d4 d5 3.Nc3 Nf6 4.e5 Nfd7 5.f4 c5 6.Nf3 Nc6 7.Be3 Be7 8.Qd2 O-O
9.Be2 b6 10.O-O Bb7 11.Kh1 f5 12.exf6 Nxf6 13.Rad1 Bd6 14.Nb5 Ne4 15.Qc1 Ne7
16.Nxd6 Qxd6 17.Nd2 Nf6 18.Nf3 Nf5 19.Ne5 Ne4 20.Bf3 c4 21.Bxe4 dxe4 22.c3 Bd5
23.Qd2 b5 24.Qe2 Rab8 25.Rde1 Qc7 26.Bd2 a5 27.a3 Qb7 28.Qf2 h5 29.Kg1 Rf6
30.Re2 Qa7 31.Ree1 h4 32.Re2 Rbf8 33.Be3 Rh6 34.Ng4 Rh5 35.Bd2 b4 36.axb4 axb4
37.Ne3 b3 38.Ree1 Ra8 39.Qe2 g6 40.Ng4 Kg7 41.Nf2 Qa2 42.Rb1 h3 43.Nxh3 e3
44.Bxe3 Be4 45.Rbd1 Bd3 46.Rxd3 cxd3 47.Qxd3 Qxb2 48.Bc1 Qc2 49.Qxc2 bxc2
50.Ng5 Rhh8 51.Nxe6+ Kf6 52.Nc5 Rhe8 53.Kf2 Ra1 54.Nd3 Ne3 55.Re1 Ng4+ 56.Kf1 Nxh2+
57.Kf2 Ng4+ 58.Kf1 Rc8 59.Ke2 Rxc3 60.Kd2 Rc4 61.d5 Kf5 62.Re6 Rd4 63.Kxc2 Rxd3
64.Kxd3 Rxc1 65.Re2 Kxf4 66.Kd4 Rd1+ 67.Kc5 Nf6 68.g3+ Kf5 69.g4+ Kf4 70.Re6 Rxd5+
71.Kc4 Kg5 72.Rxf6 Kxf6 73.Kxd5 Kg5  0-1

[Event "FSFMA July 2013"]
[Site "Budapest HUN"]
[Date "2013.07.07"]
[Round "2.2"]
[White "Juracsik,J"]
[Black "Kertesz,Z"]
[Result "0-1"]
[WhiteElo "2136"]
[BlackElo "2084"]

1.e4 e6 2.d4 d5 3.Nc3 Nf6 4.e5 Nfd7 5.f4 c5 6.Nf3 Nc6 7.Be3 Be7 8.Qd2 O-O
9.O-O-O c4 10.f5 Qa5 11.fxe6 fxe6 12.Kb1 b5 13.Ne2 b4 14.Nf4 Nb6 15.b3 Bd7
16.Qf2 Rab8 17.Ka1 Na4 18.bxa4 b3 19.Bd2 Qxa4 20.cxb3 cxb3  0-1

[Event "41st TCh-GRE"]
[Site "Rio (Achaia) GRE"]
[Date "2013.07.07"]
[Round "7.9"]
[White "Kokkalis,Haralabos"]
[Black "Halioris,Stefanos-Anthimos"]
[Result "1-0"]
[WhiteElo "1729"]
[BlackElo "1614"]

1.e4 e6 2.d4 d5 3.Nc3 Nf6 4.e5 Nfd7 5.f4 c5 6.Nf3 Nc6 7.Be3 Be7 8.Qd2 O-O
9.dxc5 Bxc5 10.Bxc5 Nxc5 11.O-O-O a6 12.Bd3 b5 13.g4 Qb6 14.f5 Nxd3+ 15.Qxd3 Nb4
16.Qd2 exf5 17.gxf5 Bxf5 18.Nd4 Bg6 19.a3 Nc6 20.Nxd5 Qxd4 21.Ne7+ Kh8 22.Qxd4 Nxd4
23.Nxg6+ hxg6 24.Rxd4 Rfe8 25.Rf1 Re7 26.Rd6 Kg8 27.Re1 Raa7 28.e6 fxe6 29.Rdxe6 Rxe6
30.Rxe6 Kf7 31.Rd6 g5 32.Kd2 g6 33.b3 Ra8 34.Kc3 Rc8+ 35.Kb2 Ra8 36.c4 bxc4
37.bxc4 Rh8 38.Rd2 Ke6 39.Kc3 a5 40.Kb3 g4 41.Ka4 Rh5 42.Rg2 Rg5 43.h4 Rc5
44.Rxg4 Kf6 45.Kb3 Re5 46.Rd4 Rh5 47.Kc3 Ke6 48.Re4+ Kf6 49.Kd4 g5 50.hxg5+ Rxg5
51.Re3 Rh5 52.c5 Rh1 53.Kc4 Rb1 54.c6 a4 55.c7 Rc1+ 56.Rc3  1-0

[Event "36th Barbera Open"]
[Site "Barbera del Valles ESP"]
[Date "2013.07.08"]
[Round "5.11"]
[White "Escobar Forero,A"]
[Black "Martynov,P2"]
[Result "0-1"]
[WhiteElo "2466"]
[BlackElo "2321"]

1.e4 e6 2.d4 d5 3.Nc3 Nf6 4.e5 Nfd7 5.f4 c5 6.Nf3 Nc6 7.Be3 cxd4 8.Nxd4 Bc5
9.Qd2 O-O 10.O-O-O a6 11.h4 Nxd4 12.Bxd4 b5 13.h5 b4 14.Ne2 a5 15.g4 Qc7
16.g5 a4 17.g6 a3 18.gxh7+ Kh8 19.b3 Ba6 20.f5 Bxe2 21.Bxe2 Bxd4 22.Qxd4 Rac8
23.Rd2 Qxe5 24.h6 g6 25.fxe6 fxe6 26.Re1 Kxh7 27.Qxe5 Nxe5 28.Ba6 Ra8 29.Be2 Rf6
30.Rd4 Nc6 31.Rg4 e5 32.Bb5 Nd4 33.Bd3 e4 34.Rd1 Nf5 35.Bxe4 dxe4 36.Rxe4 Rb8
37.Rh1 Rc6 38.c4 bxc3 39.Ra4 c2 40.Ra7+ Kh8 41.Rxa3 Nd4 42.Re1 Rf8  0-1

[Event "3rd SPAChess Open"]
[Site "Amsterdam NED"]
[Date "2013.07.09"]
[Round "4.32"]
[White "Brookes,C"]
[Black "Haver,Daan"]
[Result "1-0"]
[WhiteElo "2139"]
[BlackElo "2021"]

1.e4 e6 2.d4 d5 3.Nc3 Nf6 4.e5 Nfd7 5.f4 c5 6.Nf3 Nc6 7.Be3 cxd4 8.Nxd4 Bc5
9.Qd2 O-O 10.O-O-O a6 11.Qf2 Bxd4 12.Bxd4 b5 13.Be3 b4 14.Ne2 a5 15.Nd4 Nxd4
16.Bxd4 Ba6 17.Kb1 Qc7 18.Bxa6 Rxa6 19.Rhe1 Rc8 20.f5 a4 21.Rd3 exf5 22.Rg3 f4
23.e6 Rxe6 24.Rxg7+ Kf8 25.Rxe6 fxe6 26.Rxh7 e5 27.Rxd7 Qxd7 28.Bxe5 Qg4
29.Qxf4+ Qxf4 30.Bxf4 Re8 31.Bd6+ Kf7 32.Bxb4 Re2 33.g3 Rxh2 34.b3 Ke6 35.Ba5 Kd7
36.Bc3 Ke6 37.b4 Rg2 38.Kb2 Rxg3 39.Bd4 a3+ 40.Kc1 Kd6 41.b5 Rg4 42.Bf2 Rb4
43.b6 d4 44.Kd2 Rxb6 45.Bxd4 Rb2 46.Bg7 Kc6 47.Kc1 Rb8 48.Bf6 Kd5 49.Be7 Ra8
50.Kd2 Kc4 51.Kc1 Ra7 52.Bf8 Kc3 53.Bd6 Ra5 54.Bg3 Rg5 55.Be1+ Kc4 56.Bh4 Rg1+
57.Kd2 Rg2+ 58.Kd1 Kd4 59.Be7 Rg3 60.Kd2 Rf3 61.c3+ Ke4 62.Kc2 Kd5  1-0

[Event "Polugaevsky Mem 2013"]
[Site "Samara RUS"]
[Date "2013.07.09"]
[Round "8.3"]
[White "Gabrielian,A"]
[Black "Iskusnyh,S"]
[Result "1-0"]
[WhiteElo "2544"]
[BlackElo "2489"]

1.e4 e6 2.d4 d5 3.Nc3 Nf6 4.e5 Nfd7 5.f4 c5 6.Nf3 Nc6 7.Be3 Be7 8.Qd2 O-O
9.dxc5 Nxc5 10.O-O-O Qc7 11.Kb1 a6 12.Bd3 b5 13.Qf2 Nb4 14.Nd4 Bd7 15.g4 Rfc8
16.f5 Nbxd3 17.cxd3 b4 18.Nce2 exf5 19.gxf5 Qxe5 20.Rhg1 Bf8 21.Bf4 Qf6 22.Bg5 Qb6
23.Nf4 b3 24.a3 Na4 25.Nxd5 Rc2 26.Rd2 Rxd2 27.Bxd2 Qd6 28.Qg2 Kh8 29.Bf4 Nc3+
30.bxc3 Qxa3 31.Be5 f6 32.Bxf6 Qa2+ 33.Qxa2 bxa2+ 34.Kxa2 Bb5 35.Be5 Bxd3
36.f6 Bg6 37.fxg7+ Bxg7 38.Bxg7+ Kxg7 39.Nf4  1-0

[Event "Commonwealth & RSA Open"]
[Site "Port Elizabeth RSA"]
[Date "2013.07.10"]
[Round "7.7"]
[White "Kathmale,S"]
[Black "Gomes,Mary"]
[Result "0-1"]
[WhiteElo "2359"]
[BlackElo "2423"]

1.e4 e6 2.d4 d5 3.Nc3 Nf6 4.e5 Nfd7 5.f4 c5 6.Nf3 Nc6 7.Be3 a6 8.Qd2 Be7
9.Be2 b5 10.a3 Qb6 11.dxc5 Bxc5 12.Bxc5 Qxc5 13.b4 Qb6 14.Rd1 O-O 15.h4 f6
16.Nxd5 exd5 17.Qxd5+ Kh8 18.e6 Ndb8 19.Ng5 fxg5 20.hxg5 Qe3 21.Rxh7+ Kxh7
22.g6+ Kg8 23.e7+ Be6 24.exf8=Q+ Kxf8 25.Qd6+ Ke8 26.Rd3 Qe4 27.Rd2  0-1

[Event "Styrian Open A 2013"]
[Site "Bad Gleichenberg AUT"]
[Date "2013.07.11"]
[Round "6.5"]
[White "Brkic,A"]
[Black "Poetz,F"]
[Result "1-0"]
[WhiteElo "2572"]
[BlackElo "2429"]

1.e4 e6 2.d4 d5 3.Nc3 Nf6 4.e5 Nfd7 5.f4 c5 6.Nf3 Nc6 7.Be3 cxd4 8.Nxd4 Qb6
9.Qd2 Qxb2 10.Rb1 Qa3 11.Bb5 Nxd4 12.Bxd4 a6 13.Rb3 Qe7 14.Ba4 Qd8 15.Bb6 Qh4+
16.g3 Qh3 17.Rf1 Be7 18.f5 g6 19.f6 Bd8 20.Bxd8 b5 21.Be7 Nxe5 22.Bxb5+ axb5
23.Nxb5 Rxa2 24.Qc3 Nc4 25.Nd6+ Kd7 26.Nxc4  1-0

[Event "Commonwealth & RSA Open"]
[Site "Port Elizabeth RSA"]
[Date "2013.07.11"]
[Round "8.32"]
[White "Jansen Van Rensburg,Monica"]
[Black "Dias,Vanderson"]
[Result "1-0"]
[WhiteElo "1778"]
[BlackElo "2012"]

1.e4 e6 2.d4 d5 3.Nc3 Nf6 4.e5 Nfd7 5.Nf3 c5 6.dxc5 Bxc5 7.Bd3 Nc6 8.Bf4 h6
9.O-O g5 10.Bg3 g4 11.Nd2 Ncxe5 12.Bb5 Qg5 13.Nde4 dxe4 14.Nxe4 Qf5 15.Nxc5 Nf3+
16.gxf3 Qxc5 17.Bxd7+ Bxd7 18.fxg4 Bc6 19.Qd6 Qxd6 20.Bxd6 Bf3 21.h3 Rg8
22.Bg3 h5 23.gxh5 f5 24.Rfe1 Kf7 25.Re3 Bxh5 26.f4 Rac8 27.c3 Rgd8 28.Rf1 Rd2
29.Rf2 Rcd8 30.Re5 R2d3 31.Bh4 Rxh3  1-0

[Event "28th Gniot Mem 2013"]
[Site "Police POL"]
[Date "2013.07.12"]
[Round "3.16"]
[White "Krasowski,S"]
[Black "Perske,Thore"]
[Result "0-1"]
[WhiteElo "2012"]
[BlackElo "2158"]

1.e4 e6 2.d4 d5 3.Nc3 Nf6 4.e5 Nfd7 5.f4 c5 6.Nf3 Nc6 7.Ne2 Qb6 8.c3 f6 9.g3 cxd4
10.cxd4 Bb4+ 11.Nc3 fxe5 12.fxe5 O-O 13.Bh3 Ndxe5 14.Nxe5 Nxe5 15.dxe5 Qf2+  0-1

[Event "ch-BEL Open 2013"]
[Site "Antwerp BEL"]
[Date "2013.07.13"]
[Round "8.25"]
[White "Ramacker,Quinten"]
[Black "Peters,To"]
[Result "0-1"]
[WhiteElo "1833"]
[BlackElo "2020"]

1.e4 e6 2.d4 d5 3.Nc3 Nf6 4.e5 Nfd7 5.f4 c5 6.Nf3 Nc6 7.Be3 a6 8.a4 Qa5 9.Bd3 cxd4
10.Nxd4 Nxd4 11.Bxd4 Qb4 12.Be2 Bc5 13.Bxc5 Nxc5 14.Qd2 Bd7 15.O-O Nxa4 16.Kh1 Nxc3
17.bxc3 Qc5 18.Rf3 Bb5 19.Ra5 O-O 20.Bxb5 axb5 21.Rxa8 Rxa8 22.g4 Ra1+ 23.Kg2 Qg1+
24.Kh3 Qd1 25.Qd3 Qxd3 26.Rxd3 Kf8 27.Kg3 Ke7 28.Kf3 Kd7 29.Ke2 Rg1 30.h3 Rg2+
31.Kd1 g6 32.Rf3 Ke7 33.Kc1 Re2 34.Kb2 f6 35.exf6+ Kxf6 36.Kb3 Re4 37.Ka3 h5
38.Kb3 h4 39.Kb2 Re1 40.Kb3 Rg1 41.Kb4 Rg3 42.Rd3 Rg2 43.Kc5 Rf2 44.Kd6 Rxf4
45.Re3 Re4 46.Rf3+ Kg5 47.Kc5 b4 48.cxb4 Rc4+ 49.Kd6 Rxc2 50.Kxe6 d4 51.Ke5 Rc3
52.Rf4 Re3+ 53.Re4 Rxe4+ 54.Kxe4 d3  0-1

[Event "Styrian Open A 2013"]
[Site "Bad Gleichenberg AUT"]
[Date "2013.07.13"]
[Round "8.3"]
[White "Brkic,A"]
[Black "Tratar,M"]
[Result "1-0"]
[WhiteElo "2572"]
[BlackElo "2495"]

1.e4 e6 2.d4 d5 3.Nc3 Nf6 4.e5 Nfd7 5.f4 c5 6.Nf3 Nc6 7.Be3 cxd4 8.Nxd4 Bc5
9.Qd2 Bxd4 10.Bxd4 Nxd4 11.Qxd4 Qb6 12.Nb5 Qxd4 13.Nxd4 Ke7 14.h4 Nb8 15.h5 h6
16.Bd3 Bd7 17.Kd2 Nc6 18.Nf3 a6 19.g4 f6 20.Nh4 Be8 21.exf6+ Kxf6 22.Rae1 Rd8
23.g5+ hxg5 24.fxg5+ Kxg5 25.Ng6 Rxh5 26.Reg1+ Kh6 27.Rxh5+ Kxh5 28.Nf4+ Kh4
29.Nxe6 Rd6 30.Rh1+ Kg3 31.Nxg7 Bd7 32.Rg1+ Kf4 33.Nh5+ Kf3 34.Ke1 Re6+ 35.Kd2 Re7
36.Nf6 Nb4 37.Rf1+ Kg2 38.Rf4 Nxd3 39.cxd3 Bc6 40.Rf5 d4 41.Nd5 Rh7 42.Nf4+ Kh1
43.Ne2 Rh2 44.a3 Rh4 45.Rf4 Rh2 46.Ke1 Rh3 47.Rxd4 Bf3 48.Rf4 Kg2 49.Rf7 Rh1+
50.Kd2 Rh2 51.Ke3  1-0

[Event "Corporation Cup 2013"]
[Site "Izhevsk RUS"]
[Date "2013.07.13"]
[Round "2.7"]
[White "Kotlyar,K"]
[Black "Iskusnyh,S"]
[Result "0-1"]
[WhiteElo "2299"]
[BlackElo "2489"]

1.e4 e6 2.d4 d5 3.Nc3 Nf6 4.e5 Nfd7 5.f4 c5 6.Nf3 Nc6 7.Be3 Be7 8.Qd2 O-O
9.Be2 b6 10.Nd1 a5 11.O-O Ba6 12.Nf2 Bxe2 13.Qxe2 Qc8 14.c3 Qa6 15.Qxa6 Rxa6
16.a4 Rb8 17.Rfc1 b5 18.axb5 Rxb5 19.Nd1 c4 20.Ra2 a4 21.g4 Nb6 22.Kg2 Na5
23.Rc2 Nb3 24.f5 Rba5 25.Bg5 Bxg5 26.Nxg5 Na8 27.Ne3 Nc7 28.fxe6 fxe6 29.Ra3 h6
30.Nh3 Nb5 31.Ra2 g5 32.Rf2 a3 33.Rf6 Nc1 34.Rxa3 Nxa3 35.bxa3 Rxa3 36.Rxh6 Rxc3
37.Nf1 Ra2+ 38.Kh1 Rxh3 39.Rxh3 Ne2 40.Rh6 c3  0-1

[Event "3rd SPAChess Open"]
[Site "Amsterdam NED"]
[Date "2013.07.14"]
[Round "9.20"]
[White "Vroombout,E"]
[Black "Zimmermann,L"]
[Result "1-0"]
[WhiteElo "2180"]
[BlackElo "2087"]

1.e4 e6 2.d4 d5 3.Nc3 Nf6 4.e5 Nfd7 5.f4 c5 6.Nf3 Nc6 7.Be3 Be7 8.Qd2 O-O
9.Be2 b6 10.O-O f6 11.Bb5 Nxd4 12.Nxd4 cxd4 13.Bxd4 fxe5 14.fxe5 Qc7 15.Rxf8+ Bxf8
16.Rf1 Nc5 17.Qf4 Bb7 18.Qg4 a6 19.Bd3 Qd7 20.Ne2 Nxd3 21.cxd3 Bc5 22.Bxc5 bxc5
23.Nf4 Re8 24.Nh5 Kh8 25.b4 Qe7 26.bxc5 Qxc5+ 27.d4 Qe7 28.Rf3 Bc8 29.Rg3 Rg8
30.h3 Bd7 31.Kh2 Be8 32.Nf4 Bf7 33.h4 Qa7 34.Nd3 Qe7 35.Nc5 a5 36.Rb3 g5
37.Rb7 Qe8 38.Qf3 Rg7 39.hxg5 Kg8 40.Nd7 Kh8 41.Rb8  1-0

[Event "43rd Nat Jun ch-IND U19"]
[Site "Lucknow IND"]
[Date "2013.07.17"]
[Round "10.8"]
[White "Prince,Ba"]
[Black "Majumdar,C"]
[Result "1-0"]
[WhiteElo "2232"]
[BlackElo "2178"]

1.e4 e6 2.d4 d5 3.Nc3 Nf6 4.e5 Nfd7 5.f4 c5 6.Nf3 Nc6 7.Be3 cxd4 8.Nxd4 Bc5
9.Qd2 O-O 10.O-O-O a6 11.Qf2 Qe7 12.Bd3 f6 13.exf6 Nxf6 14.h3 Bd6 15.Qh4 Nb4
16.Rhe1 Nxd3+ 17.Rxd3 b5 18.a3 Bd7 19.Bd2 Qf7 20.g4 Rac8 21.Nf3 h6 22.Ne5 Bxe5
23.Rxe5 a5 24.g5 b4 25.gxf6 bxc3 26.Bxc3 Qxf6 27.Qxf6 Rxf6 28.f5 Kf7 29.Rg3 Rc4
30.b3 Rf4 31.fxe6+ Bxe6 32.Bxa5 Rf1+ 33.Re1 Rxe1+ 34.Bxe1 Rf1 35.Kd1 Rh1
36.h4 Bf5 37.Rf3 Kg6 38.Kd2 Bxc2 39.Kxc2 Rxe1 40.a4 Kh5 41.Rf4 g5 42.hxg5 hxg5
43.Rd4 Re5 44.a5 g4 45.a6 Kh4 46.a7 Re8 47.Ra4 Ra8 48.b4 g3 49.b5+ Kh3 50.b6 g2
51.Ra1 Rf8 52.a8=Q g1=Q 53.Qa3+  1-0

[Event "Thracian Princess ch-BUL Open w 2013"]
[Site "Vratsa BUL"]
[Date "2013.07.17"]
[Round "4.8"]
[White "Boneva,Z"]
[Black "Vasileva,V"]
[Result "0-1"]
[WhiteElo "1947"]
[BlackElo "1771"]

1.e4 e6 2.d4 d5 3.Nc3 Nf6 4.e5 Nfd7 5.f4 c5 6.Nf3 Nc6 7.Be3 Qb6 8.dxc5 Bxc5
9.Bxc5 Nxc5 10.Qc1 O-O 11.Bd3 Nb4 12.Qd2 Rd8 13.g4 d4 14.Ne4 Nxe4 15.Bxe4 d3
16.Bxd3 Bd7 17.Ke2 Nxd3 18.cxd3 Bb5 19.Ne1 Qc6 20.Rg1 Qe4+ 21.Qe3 Qb4 22.b3 Rac8
23.Rd1 Rd4 24.Kf3 Bc6+ 25.Kg3 g5 26.Rf1 gxf4+ 27.Rxf4 Rxf4 28.Qxf4 Qc5 29.Nf3 Bxf3
30.Kxf3 Qd5+ 31.Ke3 Rc2 32.Rd2 Qc5+ 33.Ke2 Rc1 34.Qe3 Qd5 35.Qe4 Qc5 36.d4 Qb5+
37.Qd3 Qd5 38.Qg3 Qe4+ 39.Qe3 Re1+ 40.Kxe1 Qxe3+  0-1

[Event "Czech Open G1 Rapid 2013"]
[Site "Pardubice CZE"]
[Date "2013.07.18"]
[Round "6.66"]
[White "Duda,A"]
[Black "Hoegener,C"]
[Result "0-1"]
[WhiteElo "2041"]
[BlackElo "2047"]

1.e4 e6 2.d4 d5 3.Nc3 Nf6 4.e5 Nfd7 5.f4 c5 6.Nf3 Nc6 7.Be3 cxd4 8.Nxd4 Bc5
9.Qd2 a6 10.Qf2 Nxd4 11.Bxd4 Qe7 12.O-O-O b5 13.h4 Bb7 14.h5 Rc8 15.g3 Nb6
16.Bh3 b4 17.Ne2 a5 18.Kb1 a4 19.f5 Ba6 20.Nf4 Bxd4 21.Qxd4 Rc6 22.Rh2 Bc8
23.Bf1 Nc4 24.h6 g6 25.Nxd5 exd5 26.e6 f6 27.Bg2 Ne5 28.Bxd5 Rd6 29.Qxb4 O-O
30.Qxd6 Qxd6 31.e7+ Kh8 32.exf8=Q+ Qxf8 33.Be6 gxf5 34.Bxc8 Qxc8 35.Rhd2 Nf7
36.Rd7 Kg8 37.Ra7 Ne5 38.Rad7 Nf7 39.Ra7  0-1